[Event "FIDE World Rapid Team"]
[Site "Almaty KAZ"]
[Date "2024.08.02"]
[Round "3.3"]
[White "Skak, Abuali"]
[Black "Faizrakhmanov, Ramil"]
[Result "0-1"]
[BlackTitle "IM"]
[WhiteElo "1969"]
[BlackElo "2424"]
[WhiteTeam "Chess Mates"]
[BlackTeam "World Champions Higher School"]
[WhiteFideId "13739026"]
[BlackFideId "24103209"]
[EventDate "2024.08.02"]

1. d4 Nf6 2. Nf3 d5 3. g3 c6 4. Bg2 Bf5 5. O-O e6 6. c4 Be7 7. Nc3 h6 8. Qb3 Qb6
9. c5 Qxb3 10. axb3 Na6 11. Bf4 g5 12. Be5 O-O 13. Bxf6 Bxf6 14. e3 g4 15. Nd2
e5 16. e4 exd4 17. Nxd5 cxd5 18. exf5 Nxc5 19. Bxd5 Rfd8 20. Ne4 Nxe4 21. Bxe4
d3 22. Rfd1 d2 23. Bxb7 Rab8 24. Ba6 Rxb3 25. Bc4 Rb4 26. Be2 Rd7 27. Ra6 Kg7
28. b3 Bc3 29. Ra4 Re7 30. Kf1 Rxa4 31. bxa4 Re4 32. a5 Bxa5 33. Ra1 Bb4 34. f3
gxf3 35. Bxf3 Re1+ 36. Kf2 Rxa1 0-1

[Event "FIDE World Rapid Team"]
[Site "Almaty KAZ"]
[Date "2024.08.02"]
[Round "3.4"]
[White "Orlov, Oleg"]
[Black "Akhmedya, Madyar"]
[Result "1-0"]
[WhiteTitle "FM"]
[WhiteElo "2254"]
[BlackElo "1786"]
[WhiteTeam "World Champions Higher School"]
[BlackTeam "Chess Mates"]
[WhiteFideId "4166612"]
[BlackFideId "13739727"]
[EventDate "2024.08.02"]

1. e4 c5 2. Nf3 Nc6 3. Bb5 g6 4. O-O Bg7 5. Re1 d6 6. c3 e6 7. d4 cxd4 8. cxd4
Bd7 9. Nc3 a6 10. Bf1 Nge7 11. Bf4 e5 12. dxe5 dxe5 13. Be3 Be6 14. Ng5 Nd4 15.
Nxe6 Nxe6 16. Bc4 Nd4 17. Nd5 O-O 18. Bg5 Re8 19. Qd2 Qd6 20. Bxe7 Rxe7 21.
Nxe7+ Qxe7 22. Rac1 Bf6 23. Rc3 b5 24. Bd5 Rb8 25. Qd3 b4 26. Rc4 a5 27. Rec1
Nb5 28. Rc8+ Rxc8 29. Rxc8+ Qd8 1-0

[Event "FIDE World Rapid Team"]
[Site "Almaty KAZ"]
[Date "2024.08.02"]
[Round "3.5"]
[White "Akhmediyar, Yernur"]
[Black "Serikbay, Assel"]
[Result "1/2-1/2"]
[BlackTitle "WIM"]
[WhiteElo "1853"]
[BlackElo "2237"]
[WhiteTeam "Chess Mates"]
[BlackTeam "World Champions Higher School"]
[WhiteFideId "13732129"]
[BlackFideId "13706799"]
[EventDate "2024.08.02"]

1. c4 e5 2. Nc3 Nf6 3. Nf3 Nc6 4. e4 Bb4 5. d3 O-O 6. Be2 h6 7. O-O a5 8. a3 Bc5
9. Nxe5 Nxe5 10. d4 Bxd4 11. Qxd4 d6 12. b3 Qe7 13. f4 Nc6 14. Qd3 Re8 15. Bf3
Qd8 16. Bb2 Nd7 17. Rad1 Qf6 18. Qd2 Nc5 19. Nd5 Qd8 20. Qc2 Be6 21. b4 axb4 22.
axb4 Na4 23. b5 Ne7 24. Ba1 Nxd5 25. cxd5 Bd7 26. Rfe1 Nc5 27. e5 Bxb5 28. Qc3
Na4 29. Qb4 Bd7 30. exd6 cxd6 31. Qxd6 Ra6 32. Qb4 Qb6+ 33. Qxb6 Rxb6 34. Be5
Rb5 35. Rc1 Nc5 36. Be2 Ra5 37. Bc7 Ra2 38. Bc4 Rxe1+ 39. Rxe1 Rc2 40. Bf1 b5
41. Be5 b4 42. Ra1 f6 43. Bd4 Nb3 44. Ra8+ Kf7 45. Bf2 Rc1 46. Be3 Rc3 47. Kf2
Rc2+ 48. Kf3 Nd2+ 49. Bxd2 Rxd2 50. Rb8 Ke7 51. Rxb4 Rxd5 52. h3 Ke6 53. Ke4 1/2-1/2

[Event "FIDE World Rapid Team"]
[Site "Almaty KAZ"]
[Date "2024.08.02"]
[Round "3.6"]
[White "Balakirev, Nikoly"]
[Black "Muratova, Anel"]
[Result "1-0"]
[WhiteElo "1885"]
[BlackElo "1892"]
[WhiteTeam "World Champions Higher School"]
[BlackTeam "Chess Mates"]
[WhiteFideId "4192060"]
[BlackFideId "13707205"]
[EventDate "2024.08.02"]

1. Nf3 d5 2. d4 Nf6 3. c4 c6 4. Nc3 Bf5 5. cxd5 cxd5 6. Qb3 b6 7. Bg5 e6 8. e4
dxe4 9. Bb5+ Ke7 10. Ne5 Qxd4 11. Bf4 Nh5 12. Rd1 Qxd1+ 13. Kxd1 Nxf4 14. Qb4+
Kf6 15. Qd4 Bc5 16. Nd7+ Ke7 17. Qxg7 Nxd7 18. Qg5+ Nf6 19. Qxf4 Rhd8+ 20. Kc1
Bd6 21. Qg5 Rg8 22. Nd5+ exd5 23. Qxf5 h6 24. Qh3 Ng4 25. Kb1 f6 26. Rf1 Be5 27.
f3 Ne3 28. Qd7+ Kf8 29. Rg1 exf3 30. g3 f2 31. Rc1 Rg7 32. Qe6 Re7 33. Qh3 Kg7
34. g4 d4 35. Qf3 Rd8 36. Qxf2 Nd5 37. Qf5 Ne3 38. Qf3 Bxh2 39. Bd3 Rdd7 40. Rc6
Be5 41. Qe4 Rf7 42. Rc8 f5 43. Qxe5+ 1-0

[Event "FIDE World Rapid Team"]
[Site "Almaty KAZ"]
[Date "2024.08.02"]
[Round "3.7"]
[White "Williams, Justus"]
[Black "Bilguun, Sumiya"]
[Result "0-1"]
[WhiteTitle "IM"]
[BlackTitle "GM"]
[WhiteElo "2361"]
[BlackElo "2470"]
[WhiteTeam "Kazakhstan dream team"]
[BlackTeam "Hunnu Air"]
[WhiteFideId "2049929"]
[BlackFideId "4901541"]
[EventDate "2024.08.02"]

1. e4 c5 2. Nf3 d6 3. d4 cxd4 4. Nxd4 Nf6 5. Nc3 a6 6. h3 g6 7. g4 Bg7 8. Bg2 h6
9. Be3 Bd7 10. Qd2 Nc6 11. Nde2 Rc8 12. O-O-O Qa5 13. Kb1 Be6 14. f4 g5 15. fxg5
hxg5 16. Nd5 Qxd2 17. Bxd2 Nh7 18. Ng3 Be5 19. Nf5 Bd7 20. Nb6 Rd8 21. Nc4 Bf6
22. Rhf1 Be6 23. Nb6 Nf8 24. Nd5 Bxd5 25. exd5 Ne5 26. Ba5 Rd7 27. Bb4 Nh7 28.
Be4 Ng6 29. Rde1 Be5 30. Ne3 Nf6 31. Bxg6 fxg6 32. Nc4 Bg3 33. Re6 Nxd5 34. Bxd6
Bxd6 35. Rd1 Bf4 0-1

[Event "FIDE World Rapid Team"]
[Site "Almaty KAZ"]
[Date "2024.08.02"]
[Round "3.8"]
[White "Munkhdalai, Amilal"]
[Black "Ishmukhametov, Adil"]
[Result "1-0"]
[WhiteTitle "IM"]
[WhiteElo "2374"]
[BlackElo "2077"]
[WhiteTeam "Hunnu Air"]
[BlackTeam "Kazakhstan dream team"]
[WhiteFideId "4903250"]
[BlackFideId "13700170"]
[EventDate "2024.08.02"]

1. e4 c5 2. Nf3 e6 3. b3 Nc6 4. Bb2 d5 5. exd5 exd5 6. d4 Nf6 7. Be2 Be7 8. dxc5
Bxc5 9. O-O O-O 10. Nc3 Be6 11. Nb5 Ne4 12. Nbd4 Nxd4 13. Bxd4 Qb6 14. Bxc5 Qxc5
15. Qd4 Qxc2 16. Bd3 Qc5 17. Bxe4 Qxd4 18. Bxh7+ Kxh7 19. Nxd4 Rac8 20. Rfc1 Kg6
21. f4 a6 22. Kf2 Kf6 23. Kf3 g5 24. fxg5+ Kxg5 25. Rxc8 Rxc8 26. Re1 Kf6 27. g4
Rc3+ 28. Kf4 Rd3 29. g5+ Ke7 30. Nf3 Rc3 31. h4 Kf8 32. h5 Bf5 33. Re3 Rxe3 34.
Kxe3 f6 35. Kf4 Bb1 36. gxf6 Bxa2 37. Nd2 a5 38. h6 Kg8 39. Kg5 a4 40. Kg6 axb3
41. h7+ Kh8 42. f7 Bb1+ 43. Nxb1 1-0

[Event "FIDE World Rapid Team"]
[Site "Almaty KAZ"]
[Date "2024.08.02"]
[Round "3.9"]
[White "Ishmukhametova, Dilyara"]
[Black "Agibileg, Uurtsaikh"]
[Result "0-1"]
[BlackTitle "IM"]
[WhiteElo "1954"]
[BlackElo "2411"]
[WhiteTeam "Kazakhstan dream team"]
[BlackTeam "Hunnu Air"]
[WhiteFideId "13703072"]
[BlackFideId "4901606"]
[EventDate "2024.08.02"]

1. e4 c5 2. Nf3 e6 3. d4 cxd4 4. Nxd4 Nc6 5. Nc3 a6 6. Be2 Nf6 7. O-O Qc7 8. Kh1
Bb4 9. Nxc6 bxc6 10. Bd3 d5 11. exd5 cxd5 12. Bd2 O-O 13. a3 Be7 14. f4 Bb7 15.
Qe2 Rfe8 16. Nd1 Ne4 17. Bxe4 dxe4 18. Bc3 Bd6 19. Qg4 f5 20. Qg5 h6 21. Qg6 Re7
22. Qg3 Kh7 23. Ne3 g5 24. Qh3 Bxf4 25. Nxf5 exf5 26. Qxf5+ Kg8 27. Qg6+ Rg7 28.
Bxg7 Qxg7 29. Qe6+ Qf7 30. Qxf7+ Kxf7 31. g3 e3+ 32. Kg1 Rg8 33. Rfd1 Ke6 34.
gxf4 gxf4+ 35. Kf1 Rg2 36. Rdc1 Rxh2 37. c4 Bf3 0-1

[Event "FIDE World Rapid Team"]
[Site "Almaty KAZ"]
[Date "2024.08.02"]
[Round "3.10"]
[White "Chinguun, Sumiya"]
[Black "Zhunusov, Nurlan"]
[Result "1-0"]
[WhiteTitle "FM"]
[WhiteElo "2389"]
[BlackElo "1771"]
[WhiteTeam "Hunnu Air"]
[BlackTeam "Kazakhstan dream team"]
[WhiteFideId "4902572"]
[BlackFideId "13708872"]
[EventDate "2024.08.02"]

1. e4 e5 2. Nf3 d5 3. exd5 Qxd5 4. Nc3 Qc5 5. Bb5+ Nc6 6. Qe2 Bd7 7. Bxc6 Bxc6
8. Nxe5 O-O-O 9. Nxc6 Qxc6 10. O-O Nf6 11. d3 Bd6 12. Be3 Rde8 13. Qf3 Qxf3 14.
gxf3 a6 15. Ne4 Nd5 16. Nxd6+ cxd6 17. Bd2 Re2 18. Rad1 Kd7 19. Rfe1 Rhe8 20.
Kf1 Rxe1+ 21. Rxe1 Rxe1+ 22. Kxe1 Ne7 23. d4 d5 24. Ke2 Ke6 25. Bf4 f6 26. a4 b5
27. axb5 axb5 28. Kd3 Kd7 29. Bd2 Ke6 30. Bb4 Nc6 31. Bc5 Nd8 32. Bf8 Kf7 33.
Bc5 Ke6 34. Ke3 Nc6 35. Kd2 Na5 36. b3 Nc6 37. Kc3 Kf5 38. Bf8 g6 39. Bd6 Ke6
40. Bc5 Kf5 41. Kd3 Ke6 42. Ke3 Nd8 43. Bb6 Nc6 44. Bc5 Kf5 45. Kd3 Ke6 46. Ba3
Na5 47. Bc1 Nc6 48. Bf4 Nb4+ 49. Kc3 Nc6 50. Bc7 Kd7 51. Bb6 Ke6 52. Bc5 Kd7 53.
Kd3 Ke6 54. h3 Kd7 55. Ke3 Ke6 56. Kf4 Nd8 57. Kg4 Nc6 58. f4 h5+ 59. Kf3 Kf5
60. Ke3 Ke6 61. Kd3 Nd8 62. Bb6 Nc6 63. c3 Kf5 64. c4 bxc4+ 65. bxc4 Ke6 66. f5+
gxf5 67. c5 f4 68. f3 Kd7 69. h4 Ne7 70. Ba5 Nf5 71. Be1 Kc6 72. Kc3 Kb5 73. Bf2
Ng7 74. Kd3 Nf5 75. Be1 Ne7 76. Bd2 Ng6 77. Ke2 Kc6 78. Ba5 Nxh4 79. Bd8 Nf5 80.
Bxf6 h4 81. Kf2 h3 82. Kg1 Kd7 83. Kh2 Ke6 84. Be5 Nh4 85. Kxh3 Nxf3 86. c6 Nxe5
87. dxe5 d4 88. Kg2 d3 89. Kf2 Ke7 90. Kf3 Kd8 91. e6 Kc7 92. e7 1-0

[Event "FIDE World Rapid Team"]
[Site "Almaty KAZ"]
[Date "2024.08.02"]
[Round "3.11"]
[White "Beisikenov, Eduard"]
[Black "Mungunzul, Bat-Erdene"]
[Result "0-1"]
[BlackTitle "WCM"]
[WhiteElo "1821"]
[BlackElo "2224"]
[WhiteTeam "Kazakhstan dream team"]
[BlackTeam "Hunnu Air"]
[WhiteFideId "13785079"]
[BlackFideId "4902831"]
[EventDate "2024.08.02"]

1. e4 e5 2. Nf3 Nc6 3. Bc4 Bc5 4. b4 Bxb4 5. c3 Ba5 6. d4 exd4 7. O-O d3 8. Qb3
Qe7 9. Ba3 Qf6 10. e5 Qg6 11. Nbd2 Nge7 12. Rae1 O-O 13. Ne4 Bb6 14. Bxd3 Qh6
15. Bc1 Qe6 16. Bc4 Qg6 17. Bd3 Qe6 18. Qc2 Ng6 19. Neg5 Qd5 20. h4 Re8 21. c4
Qa5 22. Bd2 Qc5 23. Bc3 d6 24. exd6 Bg4 25. d7 Bxd7 26. h5 Nf4 27. Bxh7+ Kf8 28.
Re4 Nxh5 29. Rh4 Ng3 30. Bd3 Nxf1 31. Bxg7+ Ke7 32. Re4+ Be6 33. Nxe6 fxe6 34.
Qb2 Ng3 35. Qf6+ Kd7 36. Re3 Nh5 37. Qg6 Nxg7 38. Qxg7+ Re7 39. Qf6 Qd6 40. Re2
Bd4 41. Nxd4 Qxd4 0-1

[Event "FIDE World Rapid Team"]
[Site "Almaty KAZ"]
[Date "2024.08.02"]
[Round "3.12"]
[White "Erkhembayar, Amartaivan"]
[Black "Sakenov, Askar"]
[Result "1-0"]
[WhiteElo "1962"]
[BlackElo "1715"]
[WhiteTeam "Hunnu Air"]
[BlackTeam "Kazakhstan dream team"]
[WhiteFideId "4904800"]
[BlackFideId "13713655"]
[EventDate "2024.08.02"]

1. d4 d5 2. Bf4 Nf6 3. Nf3 c5 4. c3 cxd4 5. cxd4 Nc6 6. e3 Bg4 7. Nc3 Bxf3 8.
Qxf3 e6 9. Bd3 Be7 10. O-O O-O 11. h3 a6 12. Rfc1 Rc8 13. Qe2 Na5 14. Na4 Nd7
15. Qe1 Nc6 16. a3 e5 17. dxe5 Ncxe5 18. Bf5 Rc6 19. Rd1 b5 20. Nc3 g6 21. Bxd7
Nxd7 22. Rxd5 Qc8 23. Rad1 Nf6 24. R5d3 b4 25. axb4 Bxb4 26. Bd6 Bxc3 27. Rxc3
Re8 28. Rdc1 Rxc3 29. Qxc3 Qf5 30. Qc6 Re6 31. Qc8+ Ne8 32. Bf4 Kg7 33. g4 Qb5
34. Rc2 Qd5 35. Kh2 Qf3 36. Qc3+ Kg8 37. Rd2 h5 38. gxh5 Qxh5 39. Rd8 Qf3 40.
Bg3 Qf5 41. Qd4 Qf3 42. Qd5 Qxd5 43. Rxd5 Kg7 44. Be5+ Kh6 45. Kg3 Ng7 46. Bc3
Nh5+ 47. Kf3 Nf6 48. Rd8 Kg5 49. Rh8 Ne4 50. h4+ Kf5 51. Bd4 f6 52. Rd8 Nd2+ 53.
Ke2 Nc4 54. f3 Rc6 55. Re8 Nd6 56. Re7 Nb5 57. Kd3 Rd6 58. Re4 Rd7 59. Rf4+ Ke6
60. Rxf6+ Ke7 61. Rxg6 Kf8 62. Rxa6 Kg8 63. h5 Nd6 64. h6 Kh7 65. Ra7 1-0

[Event "FIDE World Rapid Team"]
[Site "Almaty KAZ"]
[Date "2024.08.02"]
[Round "3.13"]
[White "Utegaliyev, Azamat"]
[Black "Beristenov, Kair"]
[Result "1-0"]
[WhiteElo "2418"]
[BlackElo "1995"]
[WhiteTeam "Greco"]
[BlackTeam "Future GM"]
[WhiteFideId "13702467"]
[BlackFideId "13777831"]
[EventDate "2024.08.02"]

1. e4 c6 2. c4 d5 3. cxd5 cxd5 4. exd5 Nf6 5. Qa4+ Nbd7 6. Nc3 g6 7. Bc4 Bg7 8.
d3 O-O 9. Nf3 a6 10. Qa3 b6 11. O-O Bb7 12. Re1 b5 13. Bb3 Re8 14. Be3 Nb6 15.
d6 exd6 16. Ng5 d5 17. Qa5 Nbd7 18. Qxd8 Raxd8 19. Bd4 Ng4 20. Bxg7 Kxg7 21. d4
Nb6 22. Nf3 Nc4 23. Rab1 Kf8 24. Ne2 Nf6 25. Bc2 Rc8 26. Bd3 b4 27. b3 Na3 28.
Rbc1 Ne4 29. Ne5 Ke7 30. f3 Nd6 31. Kf2 f6 32. Ng4 Rxc1 33. Rxc1 Nab5 34. Rc5
Rc8 35. Ne3 Kd7 36. Nc2 Rb8 37. Nxb4 Ke6 38. a4 Na7 39. Rc7 a5 40. Nf4# 1-0

[Event "FIDE World Rapid Team"]
[Site "Almaty KAZ"]
[Date "2024.08.02"]
[Round "3.14"]
[White "Borumbayev, Adil"]
[Black "Aligozhin, Zhaslan"]
[Result "0-1"]
[BlackTitle "FM"]
[WhiteElo "1848"]
[BlackElo "2333"]
[WhiteTeam "Future GM"]
[BlackTeam "Greco"]
[WhiteFideId "13747932"]
[BlackFideId "13702734"]
[EventDate "2024.08.02"]

1. d4 Nf6 2. c4 g6 3. Nc3 d5 4. Bg5 Ne4 5. Bh4 Nxc3 6. bxc3 Bg7 7. e3 c5 8. Nf3
O-O 9. cxd5 cxd4 10. cxd4 Qxd5 11. Bxe7 Re8 12. Bh4 Nc6 13. Be2 Qa5+ 14. Qd2
Qxd2+ 15. Kxd2 Bf5 16. Bd3 Bd7 17. Rab1 Na5 18. Rhc1 Rac8 19. Bg3 Be6 20. Rxc8
Rxc8 21. Rb5 b6 22. d5 Bd7 23. Rb1 Nc4+ 24. Ke2 Nb2 25. Be5 Nxd3 26. Kxd3 f6 27.
Bb2 Rc5 28. e4 f5 29. Bxg7 fxe4+ 30. Kd4 exf3 31. Bh6 fxg2 32. Rg1 Bh3 33. Ke5
Kf7 34. Kd6 Kf6 35. Be3 Rc2 36. a3 g5 37. Re1 h6 38. a4 Kf5 39. Ke7 Kg6 40. d6
Rc4 41. f3 Rxa4 42. Rg1 Ra3 43. Bd4 Rd3 44. Be5 a5 45. Bg3 b5 46. Rb1 b4 47. Ra1
a4 48. Bf2 a3 49. Bc5 Rxf3 50. d7 Bxd7 51. Kxd7 Rf1 52. Ra2 0-1

[Event "FIDE World Rapid Team"]
[Site "Almaty KAZ"]
[Date "2024.08.02"]
[Round "3.15"]
[White "Askarov, Bakhtiyar"]
[Black "Zeynyshev, Elnur"]
[Result "1-0"]
[WhiteTitle "IM"]
[WhiteElo "2280"]
[BlackElo "1812"]
[WhiteTeam "Greco"]
[BlackTeam "Future GM"]
[WhiteFideId "13701100"]
[BlackFideId "13719386"]
[EventDate "2024.08.02"]

1. d4 Nf6 2. Bg5 Ne4 3. h4 c5 4. d5 d6 5. Nd2 Nxg5 6. hxg5 g6 7. e4 Bg7 8. c3 e6
9. dxe6 Bxe6 10. Nc4 d5 11. exd5 Qxd5 12. Qxd5 Bxd5 13. O-O-O Bxc4 14. Bxc4 Nc6
15. Rd5 O-O 16. Rxc5 Rfe8 17. Nf3 Ne5 18. Nxe5 Rxe5 19. Rc7 Rf8 20. Rxb7 Rxg5
21. g3 Rc5 22. Bb3 a5 23. Rd1 Rf5 24. f4 h5 25. Rd5 Rf6 26. Rxa5 h4 27. gxh4
Rxf4 28. a4 Rxh4 29. Raa7 Rf4 30. a5 g5 31. a6 g4 32. Rxf7 R4xf7 33. Rxf7 Bh6+
34. Kc2 Be3 35. Re7+ Kh8 36. Rxe3 Rf2+ 37. Kb1 Rf1+ 38. Ka2 Rf8 39. a7 Ra8 40.
Re7 g3 41. Bd5 g2 42. Bxg2 Rd8 43. a8=R 1-0

[Event "FIDE World Rapid Team"]
[Site "Almaty KAZ"]
[Date "2024.08.02"]
[Round "3.16"]
[White "Karepov, Ilya"]
[Black "Suleyev, Alen"]
[Result "0-1"]
[BlackTitle "FM"]
[WhiteElo "1719"]
[BlackElo "2084"]
[WhiteTeam "Future GM"]
[BlackTeam "Greco"]
[WhiteFideId "13728938"]
[BlackFideId "13707213"]
[EventDate "2024.08.02"]

1. d4 d5 2. Bf4 Nf6 3. e3 e6 4. Nf3 c5 5. c3 Bd6 6. Ne5 O-O 7. Nd2 Qc7 8. Bd3
Nbd7 9. Ndf3 Ne4 10. Qc2 f5 11. Qe2 Ndf6 12. O-O c4 13. Bc2 b5 14. a3 Bb7 15.
Nd2 g5 16. Nxe4 Nxe4 17. f3 gxf4 18. fxe4 fxe3 19. exf5 Bxe5 20. dxe5 Qxe5 21.
Qg4+ Kh8 22. fxe6 Rxf1+ 23. Rxf1 e2 24. Re1 Qe3+ 25. Kh1 Rf8 26. Bf5 Qf2 0-1

[Event "FIDE World Rapid Team"]
[Site "Almaty KAZ"]
[Date "2024.08.02"]
[Round "3.17"]
[White "Nasybullina, Alfia"]
[Black "Nauanova Zhaniya"]
[Result "1-0"]
[WhiteTitle "WIM"]
[WhiteElo "2034"]
[BlackElo "1835"]
[WhiteTeam "Greco"]
[BlackTeam "Future GM"]
[WhiteFideId "4132416"]
[BlackFideId "13780956"]
[EventDate "2024.08.02"]

1. e4 e6 2. Nc3 d5 3. Nf3 dxe4 4. Nxe4 Nd7 5. d4 Ngf6 6. Ng3 c5 7. c3 Be7 8. Bd3
O-O 9. O-O b6 10. Bg5 Bb7 11. Ne5 Nxe5 12. dxe5 Qd5 13. Be4 Nxe4 14. Qxd5 Bxd5
15. Bxe7 Rfe8 16. Nxe4 Rxe7 17. Nd6 Rd7 18. c4 Bc6 19. f4 Rad8 20. Rad1 f6 21.
Rd2 Kf8 22. Kf2 Ke7 23. Ke3 Rf8 24. Rdf2 f5 25. Rg1 h5 26. g3 Rg8 27. h3 g5 28.
g4 fxg4 29. hxg4 h4 30. fxg5 h3 31. g6 Rxg6 32. Rf7+ Kd8 33. Rf8+ 1-0

[Event "FIDE World Rapid Team"]
[Site "Almaty KAZ"]
[Date "2024.08.02"]
[Round "3.18"]
[White "Omar, Temirlan"]
[Black "Kabylbek, Yedil"]
[Result "0-1"]
[WhiteElo "1874"]
[BlackElo "1857"]
[WhiteTeam "Future GM"]
[BlackTeam "Greco"]
[WhiteFideId "13723960"]
[BlackFideId "13744658"]
[EventDate "2024.08.02"]

1. d4 d6 2. Bf4 Nd7 3. Nf3 Ngf6 4. Nc3 c5 5. d5 b5 6. Nxb5 Qa5+ 7. Nc3 Rb8 8.
Qd2 Rxb2 9. e4 Ba6 10. Bxa6 Qxa6 11. Qd3 c4 12. Qe2 g6 13. O-O Bg7 14. e5 dxe5
15. Nxe5 Nxe5 16. Bxe5 O-O 17. Rab1 Rxb1 18. Rxb1 Rd8 19. Bc7 Re8 20. h3 Nd7 21.
Ne4 Qxa2 22. Rd1 Rc8 23. Bf4 Nb6 24. Ng5 Qa3 25. d6 exd6 26. Bxd6 Qa4 27. Qe7
Qd7 28. Qe2 Re8 29. Qf3 Qf5 30. Qxf5 gxf5 31. Rb1 Re2 32. Bc5 Rxc2 33. Bxb6 axb6
34. Rxb6 Bd4 35. Rb8+ Kg7 36. Rb7 Bxf2+ 37. Kf1 Be3 38. Nxf7 Kf6 39. Nd6 Rf2+
40. Ke1 c3 41. Ne8+ Kg6 42. Re7 c2 43. Rxe3 c1=Q+ 44. Kxf2 Qd2+ 45. Re2 Qd4+ 46.
Kf1 f4 47. Nc7 Qa1+ 48. Re1 Qc3 49. Ne6 Kf5 50. Ng7+ Qxg7 51. Kf2 Qd4+ 52. Kf1
Qd3+ 53. Kf2 Qg3+ 54. Kf1 f3 55. gxf3 Qxf3+ 56. Kg1 Qg3+ 57. Kf1 Qxh3+ 58. Ke2
Qg2+ 59. Ke3 h5 60. Re2 Qg3+ 61. Kd2 h4 62. Re3 Qf2+ 63. Kd3 h3 64. Kd4 0-1

[Event "FIDE World Rapid Team"]
[Site "Almaty KAZ"]
[Date "2024.08.02"]
[Round "3.19"]
[White "Tologon tegin, Semetei"]
[Black "Tuleyeva-Aketayeva, Dana"]
[Result "1-0"]
[WhiteTitle "IM"]
[BlackTitle "WIM"]
[WhiteElo "2337"]
[BlackElo "2130"]
[WhiteTeam "Kyrgyz Chess Academy"]
[BlackTeam "Abai Chess Team"]
[WhiteFideId "13800574"]
[BlackFideId "13701932"]
[EventDate "2024.08.02"]

1. Nf3 d5 2. e3 g6 3. c4 c6 4. Nc3 Bg7 5. d4 Nf6 6. b3 O-O 7. Bb2 Bg4 8. Be2 Ne4
9. Nxe4 dxe4 10. Nd2 Bxe2 11. Qxe2 f5 12. O-O-O a5 13. a3 Nd7 14. g4 e5 15. gxf5
gxf5 16. Rhg1 Qf6 17. f3 exf3 18. Nxf3 e4 19. Rxg7+ Qxg7 20. Rg1 exf3 21. Rxg7+
Kxg7 22. Qxf3 Kg6 23. Qg3+ Kh5 24. Qg7 Nf6 25. d5 Ne4 26. Qxh7+ Kg4 27. d6 Rad8
28. Be5 Kf3 29. Kc2 Nxd6 30. Qh3+ Ke4 31. Bxd6 Rxd6 32. Qh4+ Kf3 33. Qg3+ 1-0

[Event "FIDE World Rapid Team"]
[Site "Almaty KAZ"]
[Date "2024.08.02"]
[Round "3.20"]
[White "Akylbek, Zhaksylyk"]
[Black "Erzhanov, Arman"]
[Result "0-1"]
[BlackTitle "FM"]
[WhiteElo "1662"]
[BlackElo "2114"]
[WhiteTeam "Abai Chess Team"]
[BlackTeam "Kyrgyz Chess Academy"]
[WhiteFideId "13725980"]
[BlackFideId "4138821"]
[EventDate "2024.08.02"]

1. d4 d6 2. c3 e5 3. e3 Nd7 4. g3 Ngf6 5. Bg2 g6 6. Ne2 Bg7 7. O-O O-O 8. b3 Re8
9. a4 e4 10. c4 c6 11. Ba3 Nf8 12. Nd2 h5 13. Nc3 Bf5 14. Qc2 Qe7 15. b4 Ne6 16.
b5 c5 17. dxc5 Nxc5 18. Bxc5 dxc5 19. b6 a6 20. a5 Rad8 21. Nb3 Qe5 22. Rad1 h4
23. Rxd8 Rxd8 24. Rd1 Rxd1+ 25. Nxd1 h3 26. Bf1 Nd7 27. Qd2 Bg4 28. Qd5 Qxd5 29.
cxd5 Bxd1 30. Nd2 f5 31. Nc4 Bf8 32. Bxh3 Be2 33. Nd2 c4 34. g4 c3 35. Nb3 fxg4
36. Bxg4 Bxg4 37. Kg2 Bd1 38. Nc1 Ba3 39. Na2 c2 40. h4 Be2 41. h5 gxh5 42. d6
Bc4 43. f3 Bxa2 44. fxe4 c1=Q 0-1

[Event "FIDE World Rapid Team"]
[Site "Almaty KAZ"]
[Date "2024.08.02"]
[Round "3.21"]
[White "Markov, Mikhail KGZ"]
[Black "Abuzyarov, Arlan"]
[Result "1-0"]
[WhiteTitle "IM"]
[WhiteElo "2255"]
[BlackElo "1851"]
[WhiteTeam "Kyrgyz Chess Academy"]
[BlackTeam "Abai Chess Team"]
[WhiteFideId "13800698"]
[BlackFideId "13726820"]
[EventDate "2024.08.02"]

1. c4 Nf6 2. Nf3 e6 3. g3 d5 4. Bg2 Be7 5. O-O O-O 6. d4 c6 7. Nbd2 Nbd7 8. Qc2
b6 9. e4 Bb7 10. cxd5 cxd5 11. e5 Rc8 12. Qd1 Ne4 13. Nxe4 dxe4 14. Nd2 f5 15.
exf6 Nxf6 16. Nb3 Ba6 17. Re1 Bd3 18. Bg5 Bb4 19. Re3 Bc2 20. Qe2 Bd3 21. Qd1
Bc2 22. Qe2 Bd3 23. Rxd3 exd3 24. Qxd3 Qc7 25. a3 Bd6 26. Rc1 Qf7 27. Re1 Ng4
28. f3 Nxh2 29. f4 Ng4 30. Qe2 Nf6 31. Bh3 Kh8 32. Bxe6 Qg6 33. Bxc8 Rxc8 34.
Qf3 h6 35. Bh4 Qf7 36. Nd2 Rc2 37. Qd3 Rxb2 38. Nc4 Ra2 39. Nxd6 Qd5 40. Ne4 Ng4
41. Nd2 Qh1+ 42. Kxh1 Nf2+ 43. Kg1 Nxd3 44. Re8+ Kh7 45. Ne4 Ne1 46. Nf2 Nf3+
47. Kg2 Nxd4 48. Re7 Nf5 49. Rxa7 b5 50. Bf6 b4 51. g4 Kg6 52. Be5 Nh4+ 53. Kf1
Ra1+ 54. Ke2 Ra2+ 55. Kd1 Nf5 56. gxf5+ Kxf5 57. Nd3 bxa3 58. Bxg7 Ke4 59. Nc1
Rh2 60. Ra4+ Ke3 61. f5 Rd2+ 62. Ke1 Rg2 63. Bxh6+ Kf3 64. f6 a2 65. f7 Rg1+ 66.
Kd2 Rg2+ 67. Kd3 1-0

[Event "FIDE World Rapid Team"]
[Site "Almaty KAZ"]
[Date "2024.08.02"]
[Round "3.22"]
[White "Matymov, Madi"]
[Black "Zheenbekov, Nurgazy"]
[Result "0-1"]
[WhiteElo "1824"]
[BlackElo "2124"]
[WhiteTeam "Abai Chess Team"]
[BlackTeam "Kyrgyz Chess Academy"]
[WhiteFideId "13721283"]
[BlackFideId "13800485"]
[EventDate "2024.08.02"]

1. d4 d5 2. c4 c6 3. Nc3 Nf6 4. Nf3 e6 5. Bg5 Be7 6. e3 Nbd7 7. cxd5 exd5 8. Qc2
O-O 9. Bd3 Re8 10. O-O-O Nf8 11. Ne5 Ng4 12. Bxe7 Qxe7 13. Nxg4 Bxg4 14. h3 Bxd1
15. Qxd1 b5 16. Kb1 a5 17. Qc2 a4 18. Rc1 Qa7 19. a3 g6 20. Na2 Rac8 21. Nb4 Qb7
22. Qc5 Ne6 23. Qd6 Red8 24. Qe5 c5 25. Nc2 b4 26. dxc5 bxa3 27. Nxa3 Rxc5 28.
Rxc5 Nxc5 29. Bb5 Ne6 30. Bxa4 Qb4 31. Bc2 Qe1+ 32. Ka2 Qxf2 33. g3 d4 34. exd4
Qxd4 35. Qe2 Qd2 36. Qg4 Nd4 37. Bd1 Rb8 38. Nc4 Ra8+ 39. Na3 h5 40. Qe4 Rxa3+
41. Kxa3 Qxd1 42. Qa8+ Kg7 0-1

[Event "FIDE World Rapid Team"]
[Site "Almaty KAZ"]
[Date "2024.08.02"]
[Round "3.23"]
[White "Samaganova, Aleksandra"]
[Black "Demezhanov, Tuleubek"]
[Result "1-0"]
[WhiteTitle "WFM"]
[WhiteElo "1948"]
[BlackElo "1776"]
[WhiteTeam "Kyrgyz Chess Academy"]
[BlackTeam "Abai Chess Team"]
[WhiteFideId "13800221"]
[BlackFideId "13707272"]
[EventDate "2024.08.02"]

1. c4 Nf6 2. Nc3 e6 3. e4 d6 4. g3 Be7 5. Bg2 O-O 6. Nge2 c5 7. O-O Nc6 8. d3 a6
9. f4 Qc7 10. a3 Rb8 11. Rb1 b5 12. cxb5 axb5 13. b4 Ba6 14. Kh1 Rfd8 15. f5 d5
16. fxe6 fxe6 17. exd5 exd5 18. Bf4 Bd6 19. bxc5 Bxf4 20. Nxf4 Qe5 21. Qd2 Qd4
22. Ne6 Qe5 23. Nxd8 Nxd8 24. Rbe1 Qd4 25. Nxd5 Nxd5 26. Re8# 1-0